Stationery brands - Statistics

General Stats
  • This quiz has been taken 10 times
  • The average score is 3 of 10
Answer Stats
Answer % Correct
Bic
78%
Crayola
56%
Sharpie
56%
Papermate
33%
Stabilo
33%
Faber-Castell
22%
Staedtler
22%
Baker ross
11%
Berol
11%
Legami
11%
No matching quizzes found
Score Distribution
Percent of People with Each Score
Percentile by Number Answered
Your Score History
You have not taken this quiz